Statystyki dla Państwa świata z literą H

Kliknij tutaj aby rozwiązać quiz!

Ogólne statystyki

  • Ten quiz został rozwiązany 861 razy
  • Średni wynik to 12 z 19

Statystyki odpowiedzi

Państwa% Poprawnych
Hiszpania
90%
Holandia
90%
Honduras
90%
Chiny
88%
Chorwacja
85%
Haiti
82%
Chile
73%
Bhutan
66%
Ghana
60%
Czechy
58%
Bośnia i Hercegowina
57%
Kazachstan
57%
Bahrajn
56%
Bahamy
54%
Włochy
53%
Liechtenstein
51%
Wyspy Marshalla
45%
Lesotho
41%
Timor Wschodni
35%

Rozkład punktacji

Percentyl według liczby udzielonych odpowiedzi

Procent ludzi z każdym wynikiem

Twoja historia wyników

Nie rozwiązałeś tego quizu